000 00691nam a2200217Ia 4500
005 20250508164658.0
008 008 250505s9999 xx 000 0 eng d
020 _a978-81-7829-922-8
037 _aReference
040 _aFEDL
_beng
_cFEDL
041 _aeng
_2eng
084 _a503, SRE/RR
_qFEDL
100 _aSreedharan M S
_9778850
245 0 _aBharatiya vigyan manjusha: Treasure trove of ancient Indian sciences
260 _aNew Delhi, India
_bPublication Division,Ministry of Information and Broadcasting
_c2007
300 _a942p.
365 _aINR
_b600
650 _aScience encyclopaedia
_9778851
942 _cREF
_h503, SRE/RR
999 _c1390510
_d1390510